Մարդիկ ինչ՞ով կապրին : (Record no. 90518)
[ view plain ]
| 000 -LEADER | |
|---|---|
| fixed length control field | 00787nam a2200193 a 4500 |
| 001 - CONTROL NUMBER | |
| control field | 000252282 |
| 003 - CONTROL NUMBER IDENTIFIER | |
| control field | AM-YeHGA |
| 005 - DATE AND TIME OF LATEST TRANSACTION | |
| control field | 20250618071707.0 |
| 008 - FIXED-LENGTH DATA ELEMENTS--GENERAL INFORMATION | |
| fixed length control field | 030731s1938 ai 000 | arm d |
| 040 ## - CATALOGING SOURCE | |
| Original cataloging agency | AM-YeHGA |
| 090 ## - LOCALLY ASSIGNED LC-TYPE CALL NUMBER (OCLC); LOCAL CALL NUMBER (RLIN) | |
| -- | 91810 |
| 100 1# - MAIN ENTRY--PERSONAL NAME | |
| Personal name | Տոլստոյ, Լև Նիկոլաևիչ, |
| Dates associated with a name | 1828-1910 |
| 9 (RLIN) | 6686 |
| 245 10 - TITLE STATEMENT | |
| Title | Մարդիկ ինչ՞ով կապրին : |
| Remainder of title | Ժողովրդական պատմուածք : Դպրոցականներուն յատուկ / |
| Statement of responsibility, etc. | Լեւ Թոլսթոյ; Թարգմ.՝ Ե.Ք. |
| 260 ## - PUBLICATION, DISTRIBUTION, ETC. | |
| Place of publication, distribution, etc. | Աղեքսանդրիա : |
| Name of publisher, distributor, etc. | Հայկ Ս. Բիւրատ, |
| Date of publication, distribution, etc. | 1938. |
| 300 ## - PHYSICAL DESCRIPTION | |
| Extent | 32 էջ ; |
| Dimensions | 20 սմ. |
| 440 #0 - SERIES STATEMENT/ADDED ENTRY--TITLE | |
| Title | Ժամանակակից մատենաշար |
| 9 (RLIN) | 4572 |
| 650 14 - SUBJECT ADDED ENTRY--TOPICAL TERM | |
| Topical term or geographic name entry element | Ռուս գրականություն |
| General subdivision | Պատմվածք |
| 9 (RLIN) | 4645 |
| 700 0# - ADDED ENTRY--PERSONAL NAME | |
| Personal name | Ե.Ք. |
| Relator term | թարգմ. |
| Relationship | trl |
| Withdrawn status | Lost status | Damaged status | Not for loan | Collection | Home library | Current library | Date acquired | Total checkouts | Full call number | Barcode | Date last seen | Price effective from | Koha item type | Public note | Cost, replacement price |
|---|---|---|---|---|---|---|---|---|---|---|---|---|---|---|---|
| General | Fundamental Scientific Library | Fundamental Scientific Library | 22/12/2016 | AII/13716 | FL0067504 | 22/12/2016 | 22/12/2016 | Գրքեր / Books | 30 Days Loan | ||||||
| General | Fundamental Scientific Library | Fundamental Scientific Library | 22/12/2016 | AII/25779 | 220025779 | 22/12/2016 | 22/12/2016 | Գրքեր / Books | 30 Days Loan | 25.00 |
ՀՀ Գիտությունների ազգային ակադեմիայի հիմնարար գիտական գրադարան = Fundamental Scientific Library of NAS RA
All site content, except where otherwise noted, is licensed under a